00681nam a2200169 a 450000100100000000500170001000800410002704000250006808200150009324500930010826000630020130000200026470000410028404900090032595201600033499900170049400003150720200930062958.0110627s1958 dr 000 0 spa d aDO-SdBNPbspacBNPHU axxxxbP41800aPensamientos estelares de Trujillo /cselección, prólogo y notas R. A. Font Bernard. aCiudad Trujillo, República Dominicana :b[s.n.],c[1958. a38 p. ;c22 cm.1 aFont Bernard, R. A.,epról.917078 aBNPD 001050718RVaPDbPDcCTd2011-06-27iLF1l0oxxxx P418p31507-10r2020-06-25w2020-06-25y1zPerteneció a la colección Martínez BoogZNo se presta c30999d30999